Countries With Low Population Density - Sudden Death - Statistics

General Stats
  • This quiz has been taken 22,962 times
    22,663 since last reset
  • The average score is 13 of 20
Answers on the Grid
Answers color-coded by a green-red scale on the quiz's grid according to % correct below.
Angola
Argentina
Australia
Bolivia
Botswana
Canada
Central African Republic
Chad
Egypt
El Salvador
Finland
Gabon
Greece
Guyana
Iceland
Iraq
Ireland
Japan
Kazakhstan
Libya
Madagascar
Mauritania
Mexico
Mongolia
Morocco
Namibia
Russia
Saudi Arabia
Suriname
Tajikistan
Turkmenistan
United States
Venezuela
 
Answer Stats
Answer % Correct
2 Australia
88%
7 Canada
87%
1 Mongolia
85%
11 Kazakhstan
83%
12 Russia
79%
4 Iceland
76%
20 Finland
72%
10 Mauritania
68%
19 Chad
67%
3 Namibia
66%
16 Turkmenistan
66%
8 Libya
65%
17 Saudi Arabia
64%
18 Argentina
53%
9 Botswana
53%
15 Bolivia
48%
13 Central African Republic
48%
5 Guyana
44%
6 Suriname
44%
14 Gabon
28%
No matching quizzes found
Score Distribution
Percent of People with Each Score
Percentile by Number Answered
Your Score History
You have not taken this quiz since the last reset